रेखा म्हणजे तारुण्य (Record no. 395168)

MARC details
000 -LEADER
fixed length control field 00481nam a2200157Ia 4500
008 - FIXED-LENGTH DATA ELEMENTS--GENERAL INFORMATION
fixed length control field 100122s9999 xx 000 0 und d
082 ## - DEWEY DECIMAL CLASSIFICATION NUMBER
Item number 77781
Classification number 927.92028
100 ## - MAIN ENTRY--PERSONAL NAME
Personal name ठाकूर दिलीप
245 ## - TITLE STATEMENT
Title रेखा म्हणजे तारुण्य
250 ## - EDITION STATEMENT
Edition statement 1
260 ## - PUBLICATION, DISTRIBUTION, ETC. (IMPRINT)
Date of publication, distribution, etc 2009
300 ## - PHYSICAL DESCRIPTION
Extent 116
630 ## - SUBJECT ADDED ENTRY--UNIFORM TITLE
Uniform title रेखा म्हणजे तारुण्य
730 ## - ADDED ENTRY--UNIFORM TITLE
Uniform title रेखा म्हणजे तारुण्य
942 ## - ADDED ENTRY ELEMENTS (KOHA)
Koha item type Book
Holdings
Withdrawn status Lost status Damaged status Not for loan Home library Current library Date acquired Cost, normal purchase price Total Checkouts Full call number Barcode Date last seen Cost, replacement price Price effective from Koha item type Public note
        S.V. Pathak Library, Vile Parle S.V. Pathak Library, Vile Parle 01/06/2010 150.00   77781 SVPPARLE-77781 01/25/2010 150.00 01/25/2010 Book ", , ,"